| 000 | 00524nam a2200181 a 4500 | ||
|---|---|---|---|
| 001 | 2618 | ||
| 005 | 20180713182604.0 | ||
| 008 | 140415s1969 mx 000 0 spa d | ||
| 041 | _aspa | ||
| 082 |
_a972.06 _bARE |
||
| 100 | 1 | _aARENAS GUZMAN, DIEGO | |
| 245 | 1 | 0 | _aRADIOGRAFIA DEL CUARTELAZO 1912-1913 |
| 250 | _a1a ed. | ||
| 260 |
_aMEXICO : _bTALLERES GRAFICOS DE LA NACION, _c1969 |
||
| 300 | _a201 | ||
| 490 | _aBIBL. DEL INSTITUTO NACIONAL DE ESTUDIOS HISTO... | ||
| 650 | 1 | 4 |
_aMEXICO _xHISTORIA _x1910 |
| 999 |
_c2618 _d2618 |
||